000 00515nam a2200181Ia 4500
005 20250508154813.0
008 008 250505s9999 xx 000 0 eng d
037 _aBooks to be hide in OPAC
040 _aFEDL
_beng
_cFEDL
041 _aeng
_2eng
084 _a428.2, THO/O
_qFEDL
100 _aThornley G C
245 0 _aEasier scientific english practice
260 _aLondon, UK
_bLongmans, Green and Co.
_c1964
300 _a136p.
942 _cHB
_h428.2, THO/O
999 _c1352214
_d1352214